000 00410nam a2200145Ia 4500
008 100204s9999 xx 000 0 und d
082 _b14118
100 _aगोखले अरविंद
245 _aकमळण
260 _b"पुणे साहित्य वितरण , पुणे"
_c1981
300 _a186
630 _aकमळण
730 _aकमळण
942 _cBOOK
999 _c458549
_d458546